000 00899nam a2200277Ia 4500
005 20220316235447.0
008 121119s1999 sp gr 000 0 spa
020 _a8423992500
041 0 _aspa
082 0 4 _a461.4
_bR21o
110 2 _aReal Academia Española
_97263
245 1 0 _aOrtografía de la lengua española
_cReal Academia Española
250 _aPrimera edición
300 _axix, 162 páginas
_c23 cm
500 _aEdición revisada por las academias de la lengua española
650 1 4 _aEspañol
_xAcentuación
_2LEMB
650 1 4 _aEspañol
_xPuntuación
_2LEMB
650 1 4 _aEscritura
_xEnseñanza
_2LEMB
650 1 4 _aEspañol
_xOrtografía
_2LEMB
942 _2ddc
_cBK
264 _aMadrid
_bEspasa-Calpe
_c1999
336 _atexto
_btxt
_2rdacontent
337 _asin mediación
_bn
_2rdamedia
338 _avolumen
_bnc
_2rdacarrier
040 _aCO-BoRNBP
_bspa
_erda
_cCO-BoRNBP
999 _c1031
_d1031